Представление документа в формате MARC21

Поле Инд. ПП Название Значение
Тип записи a
Библиографический уровень b
001 Контрольный номер RU/IS/BASE/264554045
005 Дата корректировки 20200522190626.4
008 Кодируемые данные 19970606
084 a Индекс другой классификации/Индекс ББК 34.962.7л611
097 00 a 750
100 10 a Автор Полунина Н.
q Полное имя Полунина Надежда
245 00 a Заглавие На часах - ангарское время
600 a Персоналии Курдюков Павел Васильевич
650 a Основная рубрика приборостроение
653 00 a Ключевые слова Ангарск
a Ключевые слова коллекции
a Ключевые слова куранты
a Ключевые слова музеи
a Ключевые слова Россия
a Ключевые слова часы
773 00 t Заглавие источника Памятники Отечества
d Дата издания источника 1995
g Прочая информация № 34 (3 - 4). - С. 115 - 121 : ил.
w Контрольный № источника RU/IS/BASE/142436424
901 t Тип документа b